Polityka plac w przedsiebiorstwie. Kierunki zmian w dostosowaniu do gospodarki rynkowej.
Štyri zásady potreby premien v mzdovej politike. Hodnotenie práce ako základ konštrukcie mzdového sadzobníka a foriem odmeňovania. Mechanizmus rastu jednotkových miezd. Vnútorná štruktúra miezd. Postavenie miezd v pracovných príjmoch a v pracovných nákladoch. Možnosti prerozdeľovania. Odmeňovanie ri...
Gespeichert in:
| 1. Verfasser: | |
|---|---|
| Format: | Buchkapitel |
| Sprache: | Polnisch |
| Schlagworte: | |
| Tags: |
Keine Tags, Fügen Sie das erste Tag hinzu!
|
MARC
| LEADER | 00000naa a2200000 4500 | ||
|---|---|---|---|
| 001 | r007541 | ||
| 005 | 20221125122734.6 | ||
| 041 | 0 | |a pol | |
| 044 | |a PL | ||
| 245 | 1 | 0 | |a Polityka plac w przedsiebiorstwie. Kierunki zmian w dostosowaniu do gospodarki rynkowej. |c S. Borkowska |
| 520 | |a Štyri zásady potreby premien v mzdovej politike. Hodnotenie práce ako základ konštrukcie mzdového sadzobníka a foriem odmeňovania. Mechanizmus rastu jednotkových miezd. Vnútorná štruktúra miezd. Postavenie miezd v pracovných príjmoch a v pracovných nákladoch. Možnosti prerozdeľovania. Odmeňovanie riaditeľov. | ||
| 610 | 2 | 0 | |a politika mzdová |
| 610 | 2 | 0 | |a príjmy pracovné |
| 610 | 2 | 0 | |a pracovníci vedúci |
| 610 | 2 | 0 | |a odmeňovanie |
| 610 | 2 | 0 | |a mzdy |
| 610 | 2 | 0 | |a podnik |
| 610 | 2 | 0 | |a PR |
| 610 | 2 | 0 | |a náklady |
| 100 | 1 | |a Borkowska, S. | |